Manners & customs of the Bible / (Record no. 4729)
[ view plain ]
| 000 -LEADER | |
|---|---|
| fixed length control field | 01072cam a2200325 a 4500 |
| 001 - CONTROL NUMBER | |
| control field | 40538231 |
| 003 - CONTROL NUMBER IDENTIFIER | |
| control field | OCoLC |
| 005 - DATE AND TIME OF LATEST TRANSACTION | |
| control field | 20181212204211.0 |
| 008 - FIXED-LENGTH DATA ELEMENTS--GENERAL INFORMATION | |
| fixed length control field | 980105s1998 njuab 001 0 eng |
| 010 ## - LIBRARY OF CONGRESS CONTROL NUMBER | |
| LC control number | 97077836 |
| 020 ## - INTERNATIONAL STANDARD BOOK NUMBER | |
| International Standard Book Number | 0882707450 |
| 040 ## - CATALOGING SOURCE | |
| Original cataloging agency | DLC |
| Transcribing agency | DLC |
| Modifying agency | OCL |
| -- | ATH |
| 050 00 - LIBRARY OF CONGRESS CALL NUMBER | |
| Classification number | BS417 |
| Item number | .F74 1998 |
| 050 00 - LIBRARY OF CONGRESS CALL NUMBER | |
| Classification number | BS417 |
| Item number | .F74 1998 |
| 082 ## - DEWEY DECIMAL CLASSIFICATION NUMBER | |
| Classification number | 220.95 |
| Item number | F855M |
| 100 1# - MAIN ENTRY--PERSONAL NAME | |
| Personal name | Freeman, James M. |
| Fuller form of name | (James Midwinter), |
| Dates associated with a name | 1827-1900. |
| 245 10 - TITLE STATEMENT | |
| Title | Manners & customs of the Bible / |
| Statement of responsibility, etc. | by James M. Freeman ; edited by Harold Chadwick. |
| 246 14 - VARYING FORM OF TITLE | |
| Title proper/short title | New manners & customs of the Bible |
| 246 3# - VARYING FORM OF TITLE | |
| Title proper/short title | Manners and customs of the Bible |
| 250 ## - EDITION STATEMENT | |
| Edition statement | [Rev. ed.]. |
| 260 ## - PUBLICATION, DISTRIBUTION, ETC. | |
| Place of publication, distribution, etc. | North Brunswick, NJ : |
| Name of publisher, distributor, etc. | Bridge-Logos Publishers, |
| Date of publication, distribution, etc. | c1998. |
| 300 ## - PHYSICAL DESCRIPTION | |
| Extent | xxii, 578 p. : |
| Other physical details | ill., maps ; |
| Dimensions | 23 cm. |
| 500 ## - GENERAL NOTE | |
| General note | "Rewritten and updated by Harold J. Chadwick"--Cover. |
| 500 ## - GENERAL NOTE | |
| General note | Includes index. |
| 630 00 - SUBJECT ADDED ENTRY--UNIFORM TITLE | |
| Uniform title | Bible |
| Form subdivision | Handbooks, manuals, etc. |
| 630 00 - SUBJECT ADDED ENTRY--UNIFORM TITLE | |
| Uniform title | Bible |
| General subdivision | History of Biblical events. |
| 630 00 - SUBJECT ADDED ENTRY--UNIFORM TITLE | |
| Uniform title | Bible |
| General subdivision | Antiquities. |
| 700 1# - ADDED ENTRY--PERSONAL NAME | |
| Personal name | Chadwick, Harold J. |
| 942 ## - ADDED ENTRY ELEMENTS (KOHA) | |
| Source of classification or shelving scheme | Dewey Decimal Classification |
| Koha item type | Books |
| Withdrawn status | Lost status | Source of classification or shelving scheme | Damaged status | Not for loan | Collection code | Home library | Current library | Shelving location | Date acquired | Cost, normal purchase price | Total Checkouts | Full call number | Barcode | Date last seen | Price effective from | Koha item type |
|---|---|---|---|---|---|---|---|---|---|---|---|---|---|---|---|---|
| Dewey Decimal Classification | Not For Loan | Reference | Harvest Mission College | Harvest Mission College | Reference | 12.12.2018 | 1500.00 | REF 220.95 F855M | 005327 | 12.12.2018 | 12.12.2018 | Reference |
